000 00959nam2a2200253 4500
001 rc\2907620
005 20250805160813.4
035 _a(NLR Aleph) 007058559
090 _a88793
_c88793
100 _a20110804d1941 u y0rusy50 ca
101 0 _arus
102 _aRU
105 _aa z |||||
200 1 _a1937-1940 гг.
_f[Сост. И.Т. Галочкин]
210 _d1941
215 _a92 с.
_cил.
461 0 _1001rc\2907619
_12001#$aГосударственная племенная книга крупного рогатого скота$fНар. ком. земледелия Казах. ССР$vТ. 2
702 1 _aГалочкин
_bИ.Т.
_4220
801 0 _aRU
_bNLR
_gpsbo
801 1 _aRU
_bELAR
_2rusmarc
852 _aNLR
_bС
_j90 Г-7/10(2)
942 _cUNSPEC
945 _aРоссийская национальная библиотека
_aНациональная библиотека Республики Казахстан
980 _aBV